A negociação ética para agentes públicos e advogados : (Record no. 322)

MARC details
000 -LÍDER
Campo Fixo de Controle 00934nam a22002537a 4500
001 - NÚMERO DE CONTROLE
Campo de Controle 322
003 - IDENTIFICAÇÃO DO NÚMERO DE CONTROLE
Campo de Controle BR-CuiBMT
005 - DATA E HORA DA ÚLTIMA ATUALIZAÇÃO
Campo de Controle 20231024165258.0
008 - DADOS FIXOS
Dados Fixos 231016s2012 mgb 001 0 por d
020 ## - INTERNATIONAL STANDARD BOOK NUMBER
Nº do ISBN 9788577005321
040 ## - AGÊNCIA CATALOGADORA
Código da Agência Catalogadora BR-CuiBMT
Agência que transcreveu o registro BR-CuiBMT
080 ## - Nº DA CLASSIFICAÇÃO DECIMAL UNIVERSAL
Nº edição CDU 2007
Nº Class. CDU 340.111.5
090 ## - NÚMERO DE CHAMADA
Nº classificação 340.111.5
Cutter M827n
100 1# - ENTRADA PRINCIPAL -- AUTOR PESSOAL
Nome pessoal Moraes, Paulo Valério Dal Pai
245 12 - TÍTULO PRINCIPAL
Título principal A negociação ética para agentes públicos e advogados :
Subtítulo mediação, conciliação, arbitragem, princípios, técnicas, fases, estilos e ética da negociação /
Indicação de responsabilidade Paulo Valério Dal Pai Moraes, Márcia Amaral Corrêa de Moraes.
260 ## - PUBLICAÇÃO, DISTRIBUIÇÃO, ETC.
Local de publicação Belo Horizonte :
Editora Fórum,
Data 2012.
300 ## - DESCRIÇÃO FÍSICA
N. páginas ou volumes 244 p. ;
Dimensões 22 cm
504 ## - NOTA DE BIBLIOGRAFIA, ETC.
Nota de bibliografia Inclui bibliografia e índice.
650 ## - ASSUNTO TÓPICO
Cabeçalho tópico ou nome geográfico Técnicas jurídicas
Subdivisão geral Negociação
650 ## - ASSUNTO TÓPICO
Cabeçalho tópico ou nome geográfico Direito
Subdivisão geral Conciliação
650 ## - ASSUNTO TÓPICO
Cabeçalho tópico ou nome geográfico Gestão pública
700 1# - ENTRADA SECUNDÁRIA -- NOME PESSOAL
Nome pessoal Moraes, Márcia Amaral Corrêa de,
Datas associadas ao nome 1972-
942 ## - ELEMENTOS DE ENTRADA ADICIONAIS (KOHA)
Fonte de classificação ou esquema de arquivamento Classificação Decimal Universal
Tipo de item do Koha Livros
Holdings
Estado: removido Estado: perdido Fonte de classificação ou esquema de arquivamento Estado: danificado Indisponível para empréstimo Localização permanente Localização atual Data de aquisição Total Checkouts Número de Chamada completo Código de barras Date last seen Número do exemplar Preço efetivo a partir de Tipo de item (Koha)
    Classificação Decimal Universal     Biblioteca da Escola Superior de Contas do TCE/MT Biblioteca da Escola Superior de Contas do TCE/MT 28/07/2023   340.111.5 M827n BIBTCEMT23100017 16/10/2023 Ex. 1 16/10/2023 Livros
    Classificação Decimal Universal     Biblioteca da Escola Superior de Contas do TCE/MT Biblioteca da Escola Superior de Contas do TCE/MT 28/07/2023   340.111.5 M827n BIBTCEMT23100018 16/10/2023 Ex. 2 16/10/2023 Livros

Powered by Koha